[Event "Lake Sevan 2017"]
[Site "Yerevan"]
[Date "2017.07.15"]
[Round "2"]
[White "Gabuzyan, Hovhannes"]
[Black "Swiercz, Dariusz"]
[Result "0-1"]
[WhiteElo "2569"]
[BlackElo "2637"]
[Annotator "TA"]
[PlyCount "108"]
[EventDate "2017.??.??"]
[EventCountry "ARM"]
[SourceTitle "playchess.com"]
[Source "ChessBase"]
[SourceQuality "1"]

{[%evp 15,108,0,0,0,0,0,6,0,0,11,5,0,0,0,0,-10,-6,-41,-37,-37,-31,-110,-106,-200,-204,-204,-204,-203,-195,-204,-206,-202,-185,-183,-185,-270,-116,-123,-122,-123,-105,-112,-106,-120,-109,-109,-108,-107,-99,-107,-101,-103,-106,-110,-106,-107,-106,-129,0,-110,-99,-116,-116,-127,-85,-72,0,-101,-96,-91,-95,-158,-179,-153,-188,-229,-219,-498,-472,-753,-733,-1086,-957,-994,-962,-954,-671,-12835,-12836,-12836,-12837,-12842,-12843,-12843,-12843]} 1. Nf3 Nf6 2. g3 g6 3. Bg2 Bg7 4. O-O O-O 5. c4 c6 6. d4 d5 7. Qb3 Qb6 8. Nc3 Rd8 9. Rd1 {D78: Fianchetto Grünfeld: 6 0-0 c6} Bf5 10. Ne1 dxc4 11. Qxc4 {The position is equal.} Na6 12. e4 Be6 13. d5 cxd5 14. exd5 Bg4 {[#]} 15. Nf3 $146 ({Predecessor:} 15. Be3 Qxb2 16. Nd3 Qa3 17. Nb5 Qa5 18. Bd2 Qb6 19. Be3 Qa5 20. Bd2 Qb6 21. Be3 Qa5 {½-½ (21) Jakovenko,D (2738)-Grischuk,A (2780) Khanty-Mansiysk 2015}) 15... e6 {[%cal Be7e6,Be6d5][%mdl 32]} 16. Bg5 {Strongly threatening Bxf6.} (16. d6 $5) 16... exd5 $1 ({Of course not} 16... Qxb2 $6 17. Rab1 $14) 17. Qf4 {aiming for Bxf6.} Qb4 $36 {[%mdl 2048] Black fights for an advantage.} 18. Rd4 (18. Bxf6 $15 Qxf4 19. gxf4 Bxf6 20. Nxd5 Bxb2 21. Rab1) 18... Qxb2 $17 19. Rb1 (19. Rc1 $17 {was called for.}) 19... Qxc3 $19 20. Bxf6 Bxf6 21. Qxf6 Bxf3 $1 22. Bxf3 {[#]} Nc5 $1 23. Bg4 ({Wrong is} 23. Bxd5 $2 {[#]} Rxd5 $1 {[%mdl 512]} 24. Rf4 Qxf6 $19) 23... Re8 24. Rbd1 Re4 {Threatens to win with ...Rxg4!} 25. Qf3 Qxf3 (25... Qxd4 $19 26. Rxd4 Rxd4) 26. Bxf3 $17 Rxd4 27. Rxd4 $19 {[%mdl 4096] Endgame KRB-KRN} Re8 28. Bxd5 Kg7 29. Bc4 b6 30. Kf1 Re7 31. h4 h6 32. Bb5 Kf6 33. Rd8 Ne6 34. Rd2 Rc7 35. Kg2 Rc5 36. Ba4 Rc7 37. Bb5 $1 h5 38. f3 Rc3 39. a4 Nc5 40. Rd6+ Ne6 (40... Kg7 $17 41. Rc6 a6 42. Bxa6 Nxa4 43. Rxc3 Nxc3) 41. Kf2 (41. Rd2 $11) 41... Ke5 42. Rd7 Rc7 43. Ke3 (43. Rd2 $142) 43... Rxd7 $17 44. Bxd7 {KB-KN} Nc7 45. Bc8 a5 {[%cal Ba7a5,Ba5a4,Ba4a3,Ba3a2][%mdl 32]} 46. Bd7 $2 (46. Bb7 {keeps fighting.}) 46... Kd6 $19 {Black is clearly winning.} 47. Bc8 (47. Bh3 $142 b5 48. axb5) 47... b5 48. axb5 Nxb5 49. Ba6 Kc5 50. g4 a4 51. Kd3 a3 52. Kc2 Nd4+ 53. Kc3 a2 54. Kb2 {[#]} Nc2 $1 {[%mdl 512] Precision: White = 40%, Black = 74%.} 0-1

[Event "Lake Sevan 2017"]
[Site "Yerevan"]
[Date "2017.07.15"]
[Round "2"]
[White "Petrosyan, Manuel"]
[Black "Ter-Sahakyan, Samvel"]
[Result "1-0"]
[WhiteElo "2553"]
[BlackElo "2605"]
[Annotator "TA"]
[PlyCount "71"]
[EventDate "2017.??.??"]
[EventCountry "ARM"]
[SourceTitle "playchess.com"]
[Source "ChessBase"]
[SourceQuality "1"]

{[%evp 14,71,24,12,20,23,9,14,20,8,32,18,101,120,110,95,130,131,204,151,112,132,128,128,234,245,193,168,159,171,203,185,191,197,166,160,210,248,337,354,330,322,310,303,328,246,392,361,556,552,556,556,527,511,957,947,937,936,912,898]} 1. d4 d5 2. c4 c6 3. Nc3 Nf6 4. Nf3 dxc4 5. a4 e6 6. e3 c5 7. Bxc4 cxd4 {D16: Slav Defence: 5 a4: Lines with 5...Bg4 and 5...Na6} (7... Nc6 8. O-O cxd4 9. Nxd4 Bd7 10. e4 Nxd4 11. Qxd4 Bc6 12. Qe3 Be7 13. e5 Nd7 14. Qg3 g6 15. Rd1 {½-½ (30) Yu,Y (2749)-Duda,J (2697) Khanty-Mansiysk 2017}) 8. Nxd4 {LiveBook: 3 Games} a6 9. O-O Bd6 $146 {White has an edge.} ({Predecessor:} 9... Bc5 10. Qe2 O-O 11. Rd1 Qe7 12. e4 e5 13. Nf3 h6 14. Be3 Bg4 15. Rd2 {1-0 (27) Gupta,A (2643)-El Arousy,A (2327) Dubai 2012}) 10. b3 O-O 11. Bb2 Qe7 12. f4 Bd7 (12... Bc5 $11) 13. e4 $16 {[%cal Be3e4,Be4e5][%mdl 32]} e5 14. Nf3 exf4 {[#]} 15. e5 $1 {[%cal Re5d6][%mdl 512]} Bc5+ (15... Bxe5 $16 {was worth a try.} 16. Ba3 Qe8 17. Nxe5 Qxe5) 16. Kh1 $18 Ng4 17. Nd5 $1 {[%csl LRe7,LRf4]} Qd8 18. Bd4 Ba7 (18... Bxd4 $16 19. Qxd4 Ne3) 19. Bxa7 Rxa7 20. Qd4 Nc6 21. Qxf4 b5 22. axb5 axb5 {...Rxa1 is the strong threat.} 23. Rxa7 (23. Bxb5 $6 Rxa1 24. Rxa1 Ngxe5 $14) 23... Nxa7 24. Bd3 {Threatens to win with Ng5.} Be6 {[#]} 25. Nb4 $1 ({Less strong is} 25. Qe4 g6 $14) 25... f6 {Threatening ...fxe5.} 26. Nd4 g5 27. Qe4 {[%csl Gd3][%cal Re4h7]} ({Weaker is} 27. Nxe6 gxf4 28. Nxd8 Rxd8 $14) 27... f5 28. Nxf5 Bxf5 29. Rxf5 $40 {[%mdl 128] White has strong attack.} Rxf5 (29... Qc7 $142 30. Rxf8+ (30. Rxg5+ $2 Kh8 $19) 30... Kxf8 31. Qf5+ Ke8) 30. Qxf5 Qd4 (30... Qc7 {was called for.} 31. Qxg5+ Kh8) 31. Qxh7+ {White is clearly winning.} Kf8 32. Qh8+ Ke7 {( -> ...Qa1+)} 33. Qg7+ Ke8 (33... Kd8 $142 34. Qxg5+ Kc7 35. Qe7+ Kb8 36. Qe8+ Kb7 37. Qf7+ Kb6 38. Qxa7+ Kxa7 39. Nc6+ Kb7 40. Nxd4 Nf2+ 41. Kg1 Nxd3) 34. Qg8+ Kd7 35. Bf5+ Kc7 36. Qf7+ {Precision: White = 90%, Black = 37%.} 1-0

[Event "Lake Sevan 2017"]
[Site "Yerevan"]
[Date "2017.07.15"]
[Round "2"]
[White "Harutyunian, Tigran K"]
[Black "Kravtsiv, Martyn"]
[Result "1/2-1/2"]
[WhiteElo "2517"]
[BlackElo "2657"]
[Annotator "TA"]
[PlyCount "37"]
[EventDate "2017.??.??"]
[EventCountry "ARM"]
[SourceTitle "playchess.com"]
[Source "ChessBase"]
[SourceQuality "1"]

{[%evp 19,37,26,31,31,26,34,34,34,27,24,51,33,33,25,27,-7,-14,-17,-4,-17]} 1. d4 Nf6 2. Nf3 d5 3. c4 e6 4. Nc3 Nbd7 5. Bf4 dxc4 6. e3 {D37: Queen's Gambit Declined: 5 Bf4} b5 7. Nxb5 Bb4+ 8. Nc3 Nd5 9. a3 Nxc3 10. Qd2 Nd5 {LiveBook: 5 Games} 11. axb4 Nxf4 12. exf4 Bb7 13. Be2 {[%cal Bf1e2,Be2h5,Bh5f3,Bf3d5][%mdl 32]} Nb6 {[#]} 14. O-O $146 O-O 15. Rfc1 Qd6 16. Ne5 Rfd8 17. Bh5 f6 18. Bf3 Bd5 19. Bxd5 1/2-1/2

[Event "Lake Sevan 2017"]
[Site "Yerevan"]
[Date "2017.07.16"]
[Round "3"]
[White "Kovalenko, Igor"]
[Black "Petrosyan, Manuel"]
[Result "1/2-1/2"]
[WhiteElo "2659"]
[BlackElo "2553"]
[Annotator "TA"]
[PlyCount "152"]
[EventDate "2017.??.??"]
[EventCountry "ARM"]
[SourceTitle "playchess.com"]
[Source "ChessBase"]
[SourceQuality "1"]

{[%evp 19,152,0,8,-11,-8,-21,-12,-7,-14,-15,0,-10,-8,-14,-17,-220,-208,-198,-199,-194,-43,-234,-216,-220,-234,-235,-230,-225,-91,-96,-88,-100,-89,-94,-86,-93,-86,-131,-123,-153,-153,-153,-125,-167,-90,-114,-79,-67,-74,-85,-58,-58,-59,-58,-58,-64,-33,-33,-33,-71,-71,-70,-70,-137,-58,-54,-52,-52,-58,-163,-163,-161,-164,-163,-157,-140,-150,-135,-73,-71,-69,-69,-69,-69,-69,-69,-69,-69,-69,-69,-8,-8,-8,-8,0,-8,-10,-32,-8,-8,-8,-70,-70,-70,-8,-8,-8,-8,-8,-8,-8,-8,-8,-8,-8,-8,-8,-8,0,-8,-8,-8,-8,-8,-8,-8,-8,-8,-8,-8,0,-8,0,-8,0]} 1. c4 e5 2. g3 Nf6 3. Bg2 d5 4. cxd5 Nxd5 5. Nf3 Nc6 6. O-O Nb6 7. b3 Be7 8. Bb2 f6 9. Nc3 O-O 10. Rc1 Be6 {[#] LiveBook: 17 Games} 11. d4 $1 {[%mdl 512] A29: English Opening: Four Knights Variation with 4 g3} (11. Ne4 Bd5 12. Qc2 Nb4 13. Qb1 Nxa2 14. Nxf6+ Bxf6 15. Qxa2 e4 16. Nd4 Qd7 17. Qb1 Rae8 18. e3 c6 {½-½ (45) Topalov,V (2754)-Giri,A (2790) Stavanger 2016}) 11... Nxd4 12. Nxd4 exd4 13. Ne4 d3 14. exd3 Qd7 $146 ({Predecessor:} 14... c6 15. d4 Bd5 16. Re1 Bb4 17. Bc3 Bxc3 18. Rxc3 Bxe4 19. Bxe4 {1-0 (44) Madjar,S (2162)-Mitrovic,D (2263) Kraljevo 2014}) 15. Re1 c6 16. Qh5 Nd5 17. a3 $2 (17. Nc3 $11 {and White is okay.} Bb4 18. Be4) 17... Bg4 $19 18. Qh4 h5 $1 19. f4 {With the idea h3.} Qd8 $2 (19... g5 $1 $19 {[%cal Rg5h4]} 20. fxg5 fxg5 21. Nxg5 Rf5) 20. f5 $2 (20. Rc4 $1 $15) 20... g5 (20... Bxf5 21. Qxh5 Qd7 22. Nf2 $11) 21. fxg6 f5 $1 {[%csl LRe4,LRh4]} 22. Nf6+ Bxf6 ({And not} 22... Nxf6 23. Qg5 $14) 23. Bxf6 Qxf6 ({Less strong is} 23... Rxf6 24. Bxd5+ cxd5 25. h3 $15) (23... Nxf6 $19 {is more deadly.} 24. h3 Kg7) 24. Qxf6 $17 Nxf6 25. h3 Rae8 {Threatens to win with ...Be2.} 26. hxg4 fxg4 27. d4 Kg7 28. b4 Kxg6 29. a4 Rxe1+ 30. Rxe1 {[%mdl 4096] Endgame KRB-KRN} Re8 $1 {[%cal Re8e1]} 31. Rb1 Re3 (31... Nd5 $19 32. Bxd5 cxd5) 32. Kf2 Rd3 33. b5 Rd2+ 34. Kg1 Rxd4 35. a5 $1 cxb5 36. Rxb5 a6 37. Rb6 $1 Rd1+ 38. Kf2 Rd2+ 39. Kf1 Kf5 40. Bxb7 Ne4 $1 {[%cal Re4g3]} 41. Rb3 (41. Bc8+ $15 Ke5 42. Bxa6) 41... Rd8 (41... Nc5 $17 42. Bc8+ Ke4) 42. Re3 $15 Nc5 43. Bc6 $1 Rd1+ 44. Ke2 (44. Kg2 $15) 44... Ra1 $19 45. Be8 {[#]} h4 $1 {[%cal Rh4h3]} 46. gxh4 {[#]} Kf4 $1 {Hoping for ...Ra2+.} 47. Re7 Ra2+ 48. Kf1 Nd3 (48... Rxa5 $142 49. h5 Ne4 50. Rf7+ Kg3) 49. Bc6 $17 Ne5 50. Bb7 Rxa5 51. h5 $1 Ra1+ 52. Kg2 Ra2+ 53. Kf1 Rh2 {aiming for ...a5.} 54. Re6 $1 Rb2 ({Better is} 54... Rxh5 $15 55. Rxa6 Rh8) 55. Ba8 $11 Rb1+ (55... Kf5 $5 {[%cal Rf5e6]} 56. Rxa6 Nc4 $15) 56. Kg2 Rb2+ 57. Kf1 a5 {[%cal Ba6a5,Ba5a4][%mdl 32] White should prevent ...a4.} 58. h6 $1 a4 {And now ...a3 would win.} 59. h7 Rh2 60. Ra6 (60. Re7 $11) 60... Rxh7 $15 61. Kg2 Rd7 ({Black should play} 61... Nd3 $15 62. Rxa4+ Kg5 63. Ra5+ Kh4) 62. Rxa4+ $11 {The position is equal.} Kg5 63. Ra5 $1 Rd2+ 64. Kg3 Rd3+ 65. Kf2 Kf5 66. Bb7 Rc3 67. Kg2 Rc2+ 68. Kg3 Rc3+ (68... Rc7 $5 {[%cal Rc7b7]} 69. Ba6 Rc3+ 70. Kf2 Kf4 71. Ra4+ Kg5 $15) 69. Kg2 Rc7 70. Rb5 Rc2+ 71. Kg3 Rc3+ 72. Kg2 Kf6 73. Rb6+ Kg5 {...Nd3 is the strong threat.} 74. Rb5 Kf5 75. Ra5 Re3 76. Kf2 Rc3 {Precision: White = 62%, Black = 51%.} 1/2-1/2

[Event "Lake Sevan 2017"]
[Site "Yerevan"]
[Date "2017.07.16"]
[Round "3"]
[White "Kravtsiv, Martyn"]
[Black "Amin, Bassem"]
[Result "1-0"]
[WhiteElo "2657"]
[BlackElo "2672"]
[Annotator "TA"]
[PlyCount "43"]
[EventDate "2017.??.??"]
[EventCountry "ARM"]
[SourceTitle "playchess.com"]
[Source "ChessBase"]
[SourceQuality "1"]

{[%evp 28,43,21,23,24,10,10,4,288,265,386,379,595,585,1103,1108,29993,29994]} 1. d4 Nf6 2. c4 g6 3. Nc3 Bg7 4. e4 d6 5. Be2 O-O 6. Bg5 c5 7. d5 e6 8. Qd2 exd5 9. exd5 Qb6 10. Nf3 Bf5 11. Nh4 {E75: King's Indian: Averbakh Variation: 6...c5 7 d5 e6} (11. O-O Ne4 12. Nxe4 Bxe4 13. Rae1 Nd7 14. b3 Rfe8 15. Qc1 Bxf3 16. Bxf3 Qa5 17. a4 Qb4 18. Qd1 Bc3 {½-½ (37) Kovalenko,I (2651)-Radjabov,T (2722) Baku 2016}) 11... Ne4 12. Nxe4 Bxe4 13. f3 h6 14. Bxh6 Bxh6 15. Qxh6 {LiveBook: 9 Games. Black must now prevent 0-0-0.} Qxb2 16. O-O Bc2 17. Rac1 {Rf2 is the strong threat.} Nd7 $146 {[%mdl 8192] [#]} (17... Re8 $1 $11 {and Black stays safe.} 18. Qd2 Qf6) ({Predecessor:} 17... Re8 18. Qd2 Qf6 19. g3 Ba4 20. f4 Nd7 21. Nf3 Qe7 22. Kf2 b5 23. Rfe1 bxc4 24. Bd1 {1-0 (24) Flear,G (2428)-Thogersen,R (2161) Hastings 2016}) 18. Rf2 $1 $18 Ba4 (18... Bf5 {was called for.} 19. Bd3 Qf6 20. Bxf5 gxf5 21. Qxf6 Nxf6 22. Nxf5 Rad8) 19. Bd1 Qa3 (19... Qd4 $142) 20. Bxa4 Qxa4 21. f4 {Threatening mate with Nxg6!} Nf6 {[#]} 22. Nf5 $1 {[%mdl 512]} 1-0

[Event "Lake Sevan 2017"]
[Site "Yerevan"]
[Date "2017.07.16"]
[Round "3"]
[White "Swiercz, Dariusz"]
[Black "Nabaty, Tamir"]
[Result "1/2-1/2"]
[WhiteElo "2637"]
[BlackElo "2650"]
[Annotator "TA"]
[PlyCount "93"]
[EventDate "2017.??.??"]
[EventCountry "ARM"]
[SourceTitle "playchess.com"]
[Source "ChessBase"]
[SourceQuality "1"]

{[%evp 19,93,0,-6,-35,-41,-28,-34,-31,9,13,49,48,37,35,40,40,46,36,39,51,47,45,49,36,32,15,56,50,57,62,61,13,28,13,13,7,13,14,17,0,0,0,0,0,27,20,29,26,26,-2,-3,0,0,-17,-18,-45,-45,-37,-34,-49,-51,-73,-56,-68,-11,-36,-8,-21,0,-8,0,-26,-31,-32,0,0]} 1. d4 d5 2. c4 c6 3. Nf3 Nf6 4. e3 Bf5 5. Nc3 e6 6. Nh4 Be4 7. f3 Bg6 8. Qb3 Qb6 9. Nxg6 hxg6 10. c5 {D12: Slav Defence: 3 Nf3 Nf6 4 e3 Bf5} (10. Bd2 Nbd7 11. O-O-O Be7 12. Kb1 Qxb3 13. axb3 a6 14. Be2 Bd6 15. g4 g5 16. e4 dxe4 17. Bxg5 exf3 18. Bxf3 Rh3 19. Bg2 Rxh2 20. Rxh2 Bxh2 21. Rh1 Bd6 22. Bf3 O-O-O 23. Be3 e5 {½-½ (23) Wang,H (2680)-Aravindh,C (2588) Chengdu 2017}) 10... Qc7 $1 {LiveBook: 10 Games} 11. g3 b6 12. cxb6 $1 {Black is slightly better.} axb6 13. e4 dxe4 $146 ({Predecessor:} 13... Be7 14. Be3 b5 15. Bg2 O-O 16. O-O dxe4 17. Nxe4 {½-½ (71) Abbasov,F (2507)-Koziak,V (2437) Sautron 2007}) 14. fxe4 Nh5 15. Bg2 {Hoping for e5.} Nxg3 $1 16. hxg3 Qxg3+ 17. Kf1 {[%cal Be1f1,Bf1f2,Bf2e2][%mdl 32]} Qd3+ 18. Kf2 Rxh1 19. Bxh1 Qxd4+ 20. Be3 Qf6+ 21. Ke2 Nd7 $1 22. Rf1 Qe5 23. Bf4 Qh5+ 24. Bf3 Qh4 25. Be3 Qh2+ 26. Bf2 (26. Rf2 $5 {[%cal Rf2h2]} Qc7 27. Bg4 $14) 26... Bc5 $1 {[#] White must now prevent ...Ne5.} 27. Nd1 $1 O-O-O 28. Rh1 Qf4 29. Be3 Bxe3 30. Qxe3 Qe5 31. Qc3 Qb5+ 32. Ke1 Nc5 33. Be2 Qa4 {[#] And now ...Rxd1+! would win.} 34. b4 {Rh4 is the strong threat.} (34. Rh4 $5 {[%cal Rb2b4]}) 34... Nxe4 35. Qc4 Nd6 36. Nc3 Qa8 37. Qa6+ Qxa6 38. Bxa6+ Kc7 {Threatens to win with ...b5.} 39. Bd3 Nf5 40. Rh3 Rd4 (40... g5 $5 {[%cal Rg5g4]} 41. Bxf5 exf5 $17) 41. b5 Nd6 (41... c5 $15) 42. Be2 Rb4 {[%cal Rc6b5]} 43. a4 Rb2 44. Kd1 Nf5 45. Kc1 Rb4 46. Rh8 Nd4 47. Bd3 {Precision: White = 57%, Black = 49%.} 1/2-1/2

[Event "Lake Sevan 2017"]
[Site "Yerevan"]
[Date "2017.07.16"]
[Round "3"]
[White "Ter-Sahakyan, Samvel"]
[Black "Harutyunian, Tigran K"]
[Result "1/2-1/2"]
[WhiteElo "2605"]
[BlackElo "2517"]
[Annotator "TA"]
[PlyCount "181"]
[EventDate "2017.??.??"]
[EventCountry "ARM"]
[SourceTitle "playchess.com"]
[Source "ChessBase"]
[SourceQuality "1"]

{[%evp 16,181,19,10,10,16,48,43,40,29,67,43,58,52,101,26,0,0,0,-9,-4,-4,-1,-7,-8,-18,-22,-18,-20,-28,-14,-24,-20,-17,-14,-16,-30,-56,0,0,99,0,0,-83,-46,-87,-41,-90,-82,-47,-50,-90,-90,-90,-90,-90,-90,-90,-90,-90,-76,-237,-90,-90,0,-14,-14,-322,-220,-1030,-8,-8,-8,-8,0,-8,-8,-8,-8,-1430,-1270,-1079,-1231,-1300,-1324,-1234,-1127,-1917,-1817,-1619,-1532,-1268,-1028,-938,-83,-83,-8,-8,-8,-8,-8,-221,-8,-8,-8,-8,-8,-8,-8,-8,-8,-8,0,0,0,0,0,-8,-8,-8,-8,-8,-8,-8,-8,-8,-8,-8,-8,-8,0,0,0,0,0,0,0,0,0,0,0,0,0,0,0,0,0,0,0,0,0,0,0,0,0,0,0,0,0,0,0,0,0,0,0,0,0,0]} 1. e4 e5 2. Nf3 Nc6 3. d4 exd4 4. Nxd4 Bc5 5. Nb3 Bb6 6. Nc3 Nf6 7. Bg5 d6 8. Qd2 {C45: Scotch Game} h6 9. Be3 {LiveBook: 4 Games} Be6 10. O-O-O Bxe3 (10... Qd7 11. f3 O-O-O 12. Bb5 a6 13. Ba4 Bxb3 14. Bxb3 Bxe3 15. Qxe3 Rhe8 {1-0 (45) Yu,Y (2662)-Beliavsky,A (2651) Tromsoe 2013}) 11. Qxe3 Qe7 $146 ({Predecessor:} 11... g5 12. f3 Qe7 13. Kb1 a6 14. Nd4 Bd7 15. h4 Rg8 16. hxg5 hxg5 {1-0 (32) Pandavos,P (2370)-Delavekouras,S Piraeus 1997}) 12. f3 a5 13. g4 Bxb3 14. cxb3 d5 15. Nxd5 (15. Bb5 $1 $16) 15... Nxd5 $11 16. Rxd5 Nb4 17. Rd2 Nxa2+ 18. Kb1 Nb4 19. Bc4 $132 {[%mdl 2048] White puts up resistance} O-O 20. e5 Rfd8 21. Rhd1 Rxd2 22. Rxd2 Rd8 {next ...Rxd2 is good for Black.} 23. e6 Rxd2 24. exf7+ Kf8 25. Qxd2 c6 26. Qf4 {White wants to mate with Qb8+.} Qe1+ ({Black should play} 26... Qd8 $1 $15) 27. Qc1 Qxc1+ 28. Kxc1 {[%mdl 4096] Endgame KB-KN} b5 29. Bf1 (29. Be6 $11) 29... Kxf7 $17 30. Kd2 Ke6 $1 31. f4 Kd5 $1 32. Bg2+ Kd4 33. h4 Nd5 34. g5 Nxf4 35. gxh6 gxh6 36. Bxc6 b4 37. Bf3 Nd3 38. Be2 $2 (38. Bd1 $17) 38... Ne5 ({Don't blunder} 38... Nxb2 $2 39. Kc2 $18) (38... Nc5 $19 39. Bc4 Ke4) 39. Bh5 Nc6 (39... Nd7 $1 $17) 40. Be8 Ne7 41. h5 $2 {[%mdl 8192]} (41. Ke2 $1 $11) 41... Nd5 $19 42. Bf7 $2 (42. Ke2) 42... Nf6 $2 (42... Nf4 $19 {Black wants to play ...Ke4.} 43. Bg6 Ke5) 43. Bg6 Nd7 44. Ke2 Nb6 45. Bc2 Nd5 {Strongly threatening ...Nf4+.} 46. Bg6 Nf4+ 47. Kd2 $2 {[%mdl 8192]} (47. Kf3 $11 Nd3 48. Ke2 Nc1+ 49. Kd1 Nxb3 50. Kc2) 47... Ke5 48. Be8 Ke4 $1 {[%cal Re4f3]} 49. Bg6+ Kf3 $1 {[%cal Rf3g4]} 50. Bf7 Kg4 $1 51. Ke3 Nxh5 52. Kd4 Nf4 53. Kc5 h5 54. Be8 h4 $2 (54... Kf5 $1 $19 {[%cal Rf5e5] has better winning chances.} 55. Kd4 h4 56. Bd7+ Kg5) 55. Bd7+ $17 {[#]} Kg3 (55... Kf3 $1 $17 {[%cal Rf3e3]} 56. Kb6 Ng6) 56. Kb5 $11 Nd3 57. Kxa5 Ne5 (57... Kf3 $5 {[%cal Rd3e5]} 58. Bc8 Ke4 $17) 58. Be6 $2 {[#]} (58. Bc8 $1 $11 {and White stays safe.}) 58... Ng4 $2 ({Better is} 58... Nc6+ $1 $19 59. Ka4 Nd4) 59. Kxb4 {The position is equal.} h3 60. Kc3 $1 h2 61. Bd5 Kf2 62. Kd2 $1 Ne3 63. Bh1 $1 Nf5 {Hoping for ...Kg1.} 64. b4 Kg1 65. Ke1 $1 Nd4 {[#] aiming for ...Nc2+.} 66. b5 $1 {[%mdl 512]} Nxb5 {Threatens to win with ...Nd4.} 67. b4 Nd4 68. b5 Nxb5 (68... Kxh1 $2 69. Kf2 $19) 69. Ba8 Nd4 70. Bb7 (70. Bh1 $5 Kxh1 71. Kf2 $19) 70... Ne6 71. Ba8 Nf4 72. Bh1 $1 Kxh1 73. Kf2 Ng2 74. Kf1 $1 {[#]} Ne1 $1 75. Kf2 (75. Kxe1 Kg1) 75... Nc2 76. Kf1 $1 Na3 77. Kf2 Nc4 78. Kf1 $1 Nd6 79. Kf2 Nf5 80. Kf1 Nd4 81. Kf2 Ne6 82. Kf1 $1 Nf8 {[%cal Be6f8,Bf8d7,Bd7e5,Be5f3,Bf3d4,Bd4c2,Bc2a3,Ba3b1][%mdl 32]} 83. Kf2 Nd7 84. Kf1 $1 Ne5 85. Kf2 {[#]} Nf3 $1 86. Kf1 $1 (86. Kxf3 Kg1) 86... Nd4 (86... Ne1 $5 87. Kf2 Nd3+ 88. Kf1 Nc5 $19) 87. Kf2 Nc2 88. Kf1 $1 Na3 89. Kf2 Nb1 90. Kf1 $1 Nc3 {( -> ...Ne4)} 91. Kf2 {Precision: White = 49%, Black = 59%.} 1/2-1/2

[Event "Lake Sevan 2017"]
[Site "Yerevan"]
[Date "2017.07.16"]
[Round "3"]
[White "Martirosyan, Haik M"]
[Black "Gabuzyan, Hovhannes"]
[Result "0-1"]
[WhiteElo "2544"]
[BlackElo "2569"]
[Annotator "TA"]
[PlyCount "204"]
[EventDate "2017.??.??"]
[EventCountry "ARM"]
[SourceTitle "playchess.com"]
[Source "ChessBase"]
[SourceQuality "1"]

{[%evp 9,204,33,50,42,55,37,37,37,41,37,41,42,41,29,39,48,40,37,31,35,33,35,30,29,29,38,31,-10,-3,-70,-72,-72,-58,-58,-72,-51,-10,0,-3,-13,-18,-10,-20,-23,-15,-22,0,-38,-9,-33,-31,-37,-19,-73,-22,-14,0,-75,-76,-57,0,0,0,-6,0,0,0,0,0,0,733,-547,-544,-542,-525,-466,-175,-171,-149,-159,-163,-166,-142,-190,-77,-76,-82,-130,0,0,0,0,0,0,0,0,12,-70,-70,-70,-70,-70,-70,-70,-70,-98,-102,-143,-16,-16,-16,-66,-10,-10,-10,-15,-15,-22,-22,-30,-8,-8,-8,-8,-8,-8,-8,-8,-8,-8,-8,-8,-8,-8,-8,-8,-8,-8,-8,-8,-8,-8,-8,-8,0,-8,0,-11,-8,-8,-8,-8,-8,-8,-8,-12,-12,-30,-30,-30,-30,-30,-30,-30,-30,-30,-30,-30,-30,-30,-30,-30,-30,-30,-30,-30,-10,-11,-12,-29969,-29970,-29975,-29977,-29973,-29975,-29960,-29961,-29981,-29980,-29983,-29984,-29984,-29985,-29984,-29985,-29985,-29986]} 1. d4 Nf6 2. Bg5 Ne4 3. Bf4 d5 4. Nd2 Nd6 5. e3 c6 6. Ngf3 {A45: Trompowsky Attack} Bf5 $146 ({Predecessor:} 6... Bg4 7. Bd3 e6 8. O-O Be7 9. c3 O-O 10. e4 dxe4 11. Nxe4 Nxe4 12. Bxe4 Nd7 {0-1 (48) Wilhelm,S (2171)-Milosevic,G (2330) Baden 2000}) 7. Be2 (7. Nh4 $5 {[%cal Rf4d6]} Be6 8. Be2 $14) 7... e6 8. O-O {White is slightly better.} Be7 9. c4 Nd7 10. c5 Ne4 11. Nxe4 Bxe4 12. b4 O-O 13. b5 Bxf3 14. Bxf3 cxb5 15. Qb3 b6 16. c6 {[%cal Bc5c6,Bc6c7][%mdl 32]} Nf6 17. Rfc1 Bd6 18. c7 Qd7 {With the idea ...Bxf4.} 19. Be2 (19. Bxd6 $11 Qxd6 20. Qxb5) 19... Bxf4 $15 20. Bxb5 Qe7 $1 21. exf4 Rfc8 $1 22. f5 Rxc7 23. Rxc7 Qxc7 24. fxe6 fxe6 25. Qe3 Qe7 26. Re1 Rc8 27. g3 Kf7 28. Bf1 Qd6 29. Bh3 Rc6 30. Qb3 Qd7 31. Re5 {[#]} (31. a4 $11) 31... g6 ({Better is} 31... b5 $1 $17 {[%mdl 512]}) 32. Qe3 $11 b5 33. Qf4 (33. Qh6 $11) 33... b4 $17 34. Re3 Qc7 (34... Qe7 $15) 35. Bxe6+ $11 Kg7 36. Re5 Rc1+ (36... a5 $5 {[%cal Ra5a4]}) 37. Kg2 Qc4 {( -> ...Qf1+)} 38. Kh3 {Threatens to win with Rh5.} Qf1+ (38... Rh1 $5 {[%cal Rc4f1]} 39. g4 h6 40. Rxd5 Qd3+ 41. Kg2 Qf1+ 42. Kf3 Qd1+ 43. Kg3 Qd3+ 44. Kg2 Qf1+ 45. Kf3 Qh3+ 46. Ke2 Qf1+ 47. Kf3 $11) 39. Kh4 h6 $2 {[%mdl 8192]} (39... Qh1 $11 40. Bh3 Rc7) 40. Bh3 $4 {[%mdl 8192] [#]} (40. Rxd5 $18 {is the narrow road to win. Intending Rd7+! and mate.} Rc8 41. Ra5) 40... Qe1 $3 $19 {[%mdl 512]} 41. Be6 (41. Rxe1 g5+) 41... Qh1 42. g4 Rc3 $2 (42... Rc6 43. Rxd5 Rxe6 44. Qc7+ Kg8 45. Rd8+ Ne8) 43. g5 hxg5+ 44. Rxg5 Qe4 $1 {[%cal Re4f4]} 45. Qxe4 Nxe4 {[%mdl 4096] Endgame KRB-KRN} 46. Rg2 Rf3 (46... Ra3 $19 {has better winning chances.} 47. f4 Kf6) 47. Kg4 $17 Ra3 48. Kf4 {[#]} Kf6 (48... Nc3 $1 $17 {Strongly threatening ...Kf6.} 49. Bf5 Ra6) 49. Bxd5 $11 Nc3 50. Bc4 Nxa2 51. Rg5 Nc1 52. Rb5 b3 53. h4 ({White should play} 53. Ke4 $11) 53... Ra4 $15 54. Bg8 Rxd4+ 55. Ke3 Rd3+ $1 56. Ke4 Rh3 57. f3 Rxh4+ 58. Ke3 {[#]} Rh2 (58... Ra4 $1 $17 {White must now prevent ...Ra2.} 59. Kd2 Ra1 60. Bxb3 Nxb3+ 61. Rxb3 a5) 59. Bxb3 $11 Re2+ 60. Kf4 Nd3+ (60... Nxb3 $15 61. Rxb3 g5+ 62. Kg3 a5) 61. Kg3 $1 Rb2 62. Bc4 Rxb5 63. Bxb5 {KB-KN} Nc5 {Threatening ...a5.} 64. Kf4 $1 g5+ 65. Kg4 Ne6 66. Ba6 Ke5 67. Bc4 a5 68. Bb3 Kf6 69. Bd1 Nf4 70. Bb3 Nd3 71. Bc2 Ne1 72. Ba4 Ng2 73. Kg3 Nf4 74. Bb3 Ne2+ 75. Kg4 Nd4 76. Ba4 Ne6 77. Bd1 Nf4 78. Bb3 Kg6 79. Bc2+ Kh6 80. Bb3 $1 Ng2 81. Kg3 Ne3 82. Kf2 Nf5 83. Bc2 Kg6 {Hoping for ...Kf6.} 84. Ba4 Kf6 {And now ...Ke5 would win.} 85. Ke2 Nd4+ 86. Kf2 Kf5 87. Ke3 Ke5 88. Bd7 Ne6 89. Bb5 Nc5 90. Bc4 Na4 91. Bf7 Nb6 92. Kd3 Kf4 93. Kd4 $1 Nd7 (93... Kxf3 $5 94. Kc5 $8 Nd7+ 95. Kb5 Kf2 $11) 94. Be8 $2 {[%mdl 8192]} (94. Be6 $11) 94... Ne5 {Black mates.} 95. Kc5 Kxf3 96. Bh5+ g4 {[%cal Bg5g4,Bg4g3][%mdl 32]} 97. Kb5 {[#]} Nc6 $1 {[%mdl 512]} 98. Bf7 (98. Kxc6 a4) 98... Kf2 99. Bd5 Nd4+ 100. Kxa5 Nf3 101. Be6 g3 102. Bh3 Ng5 {Precision: White = 65%, Black = 58%.} 0-1